000 00989nam a2200289Ia 4500
001 Para_1450
003 CHAP
008 220125s1999 xx 000 0 und d
010 _a200197
040 _cCHAP
090 _aPA TESIS 1391
100 _aLópez Aguilar, Mario Antonio
_967642
245 _aSituación actual de los métodos de control de malezas en el cultivo de frijol (phaseolus vulgaris), en México /
_c por Mario Antonio López Aguilar
260 _aChapingo, Méx. :
_b El autor
300 _a61 h.
502 _aTesis (Ing. Agr. Esp. en Parasitología Agrícola), UACh. Depto. Parasitología
650 _aFrijol
_x malas hierbas
_xcontrol
_943402
650 _aMalas hierbas
_x control
_970011
710 _aUACh. Departamento de Parasitología Agrícola
_9115877
901 _aPA TESIS 1391
902 _aA
905 _a0000001999 0000000000 00
910 _a1999
942 _cPARA
942 _cPARA
_d1
999 _c200197
_d200197